01602nam a2200325 a 450000500170000000800410001702000150005804100080007309200170008110000240009824501200012225000660024226000320030830000160034050001690035665300480052565300500057365300460062365300480066965300480071765300460076565300620081165300440087365300540091765300330097170000240100494200120102899900150104095202210105520240528104746.0101001t1996||||sp a f |||| 001 0 spa d a8445805096 aspa c611l75sROU1 aRouviere, Henri974 aAnatomía Humana. Descriptiva, topográfica y funcional. bT.3 Miembros- Sistema Nervioso Central /cH. Rouviere. a9a ed. bVersión en español dirigida por E. Acosta Vidrio aBarcelona: bMasson;c1996. a767 p.bil. aRouviere, H. y Delmas, A. (1996). Anatomía Humana. Descriptiva, topográfica y funcional. T.3 Miembros y Sistema Nervioso Central. (9a ed.). Barcelona : Masson.  aAnatomía descriptiva del miembro superior aAnatomía topográfica del miembro superior aAnatomía funcional del miembro superior aAnatomía descriptiva del miembro inferior aAnatomía topografica del miembro inferior aAnatomía funcional del miembro inferior aTerritorio de inervasión funcional del miembro inferior aSistema nervioso central Cerebroespinal aSistema nervioso de la vida vegetativa orgánica aMeninges, vasos del neuroeje1 tDelmas, André975 2ddccBK c2149d2149 00102ddc4070aBFMbBFMcCRd2015-03-11eDonación Florencia Benatti, marzo 2015l35m3o611 75 ROUp3466r2025-04-28s2025-04-21tEj. 7w2015-03-11yBKzDonación Florencia Benatti, marzo 2015. Hemeroteca 2022f